Diario de ana frank /

Guardado en:
Autor Principal: Frank, Ana
Otros Autores: Puls, Diego
Formato: Libro
Publicado: Buenos Aires : De Bolsillo, 2007
Edición:5a. ed.
Series:Contemporánea
Materias:
Etiquetas: Agregar Etiqueta
Sin Etiquetas, Sea el primero en etiquetar este registro!
LEADER 00635nam a22002295a 4500
001 CEM.cems013548
005 20110811202508.0
008 130507s2007##################000#0#####d
003 CEMS
020 |a 9871138679 
082 0 4 |a 833.9 
100 1 |a Frank, Ana 
245 1 0 |a Diario de ana frank /  |c Ana Frank ; traducción de Diego Puls 
250 |a 5a. ed. 
260 |a Buenos Aires :  |b De Bolsillo,  |c 2007 
300 |a 304 p. 
490 0 |a Contemporánea 
653 |a Literatura 
653 |a Literatura alemana 
653 |a Narrativa alemana 
700 1 |a Puls, Diego 
859 |a CEMS  |b BIB. CEMS - 11 de abril  |h 833.9  |i F853-2  |p 26172.11  |t Ej.1